000 01586cam a22004574i 4500
003 PE-LiUPU
005 20250731173454.0
008 150616s r 000 0 d
035 _a(Sirsi) a6545
040 _aPE-LiUPU
_bspa
_cPE-LiUPU
_erda
049 _aPRUA
082 0 4 _a220.7
_bICC
_221
100 1 _aThrall, Margaret E.,
_eautor.
245 1 2 _aA critical and exegetical commentary on the second epistle to the Corinthians.
_n47/ I /
_cMargaret E. Thrall.
264 1 _aEdinburgh, Gran Bretaña :
_bT. & T. Clark,
_c1994.
300 _a501 páginas ;
_c21 cm.
336 _atext
_2rdacontent
337 _aunmediated
_2rdamedia
338 _avolume
_2rdacarrier
490 0 _aThe International Critical Commentary
505 0 _aComentarios sobre la 2da. epístola a los Corintios Corintios.
526 _aSEG42
526 _aSEG41
526 _aSEG40
526 _aSEG39
526 _aP94
526 _aP87
526 _aP86
526 _aP85
526 _aP77
526 _aP76
526 _aP35
630 _aBiblia.
_pN.T.
_pCorintios II
_xComentarios.
910 _ajck
_bjvq
_cjck
942 _2ddc
_cBOOK
949 _a220.7 ICC 47a
_wDEWEY
_c1
_i39917
_lCCODEBUL1
_mBUL
_p00.00
_r0
_sY
_tBOOK
_u19951205
_xTEOLOGIA
_zUNKNOWN
_0COMPRA
_o.STAFF. Colección General
994 _aC0
_bPEPRU
596 _a1
999 _a220.7 ICC 47A
_wDEWEY
_c57690
_i39917
_d57690
_f2021-11-9
_g5
_lCCODEBUL1
_mBUL
_q1
_r0
_sY
_tBOOK
_u2015-6-16
_xTEOLOGIA
_zUNKNOWN
_0COMPRA
_o.STAFF. Colección General
980 _81
_gALBERTO SANCHEZ Responsable de Automatización